000 01367cam a22003254a 4500
020 _a0415260558 (hardback)
020 _a0415260566 (pbk.)
020 _a9780415260558 (hardback)
020 _a9780415260565 (pbk.)
082 0 0 _a658.477
_bLOO
_cMCE
100 _aMartin Loosemore
_913220
245 0 0 _aRisk management for projects /
_bMartin Loosemore
250 _a2nd ed.
260 _aLondon ;
_aNew York :
_bTayor & Francis,
_c2006.
300 _axviii, 260 p. :
_bill. ;
_c24 cm.
505 0 _aRisk and uncertainty in project -- Risk and opportunity -- Risk and opportunity analysis -- Perception of risk -- Risk response, crisis management and recovery -- Developing and implementing a successful risk and opportunity management system.
526 _a0
_b0
_c0
_d658_477000000000000_LOO
526 _a0
_b0
_c0
_d658_477000000000000_LOO
526 _a0
_b0
_c0
_d658_477000000000000_LOO
650 0 _aBuilding
_xRisk assessment.
_946955
650 0 _aBuilding
_xSafety measures.
_9269
650 0 _aConstruction industry
_xRisk management.
_924754
650 0 _aDecision making.
_91911
650 0 _aEmergency management.
650 0 _aMCE
_9379
700 1 _aLoosemore, Martin,
_946956
856 4 1 _uhttp://www.loc.gov/catdir/toc/ecip0513/2005014920.html
856 4 2 _uhttp://www.loc.gov/catdir/enhancements/fy0659/2005014920-d.html
942 _2ddc
_cBK
999 _c550256
_d550256